000 00716nam a2200217 i 4500
001 33317
003 ES-MaACL
005 20230906154733.0
007 t|
008 030202s1911 fr ||||1| fre d
080 _a579.08
080 _a615.373
100 1 _aBesson, Albert.
_928604
245 1 0 _aTechnique microbiologique et sirothérapique
_b: guide du Médecin et du Vétérinaire pour les travaux de laboratoire /
_cpar Albert Besson.
250 _a5eme ed. ref. et aug.
260 _aParís :
_bJ.B. Baillière et Fils,
_c1911 (
_eCorbeil :
_fCrété)
300 _aV, 886 p. :
_bil. ;
_c24 cm.
650 0 4 _aMicrobiología médica.
_915025
650 0 4 _aSeroterapia.
_917057
852 _aES-MaACL
_jE-598
999 _c33317
_d33317